Statistics for Cities in "Fallout" by Picture

Click here to take the quiz!

General Stats

  • This quiz has been taken 106 times
  • The average score is 4 of 8

Answer Stats

Answer% Correct
Washington, DC
94%
Las Vegas, NV
91%
Boston, MA
70%
Pittsburgh, PA
54%
Salem, MA
42%
Charleston, WV
39%
Bar Harbor, ME
26%
Morgantown, WV
19%

Score Distribution

Percentile by Number Answered

Percent of People with Each Score

Your Score History

You have not taken this quiz